UPSTAIRS downstairs (Record no. 62265)
[ view plain ]
| 000 -LEADER | |
|---|---|
| fixed length control field | 00217nam a2200085Ia 4500 |
| 008 - FIXED-LENGTH DATA ELEMENTS--GENERAL INFORMATION | |
| fixed length control field | 240321s9999 xx 000 0 und d |
| 082 ## - DEWEY DECIMAL CLASSIFICATION NUMBER | |
| Classification number | 721.832 |
| Item number | UPS |
| 245 #0 - TITLE STATEMENT | |
| Title | UPSTAIRS downstairs |
| 260 ## - PUBLICATION, DISTRIBUTION, ETC. | |
| Name of publisher, distributor, etc. | The Images Publishing Group |
| 999 ## - | |
| -- | 62265 |
| -- | 62265 |
| Withdrawn status | Weedout from Library | Permanent Location | Current Location | Shelving location | Date acquired | Cost, normal purchase price | Full call number | Barcode | Price effective from | Koha item type |
|---|---|---|---|---|---|---|---|---|---|---|
| NATIONAL COLLEGE OF ARTS, RAWALPINDI CAMPUS - LIBRARY | NATIONAL COLLEGE OF ARTS, RAWALPINDI CAMPUS - LIBRARY | 21/03/2024 | 5600.00 | 721.832 UPS | RP005513 | 21/03/2024 | Book |